000 00788 a2200253 4500
260 _aMontréal
630 _a33 - Economie. Economie politique
650 _a3 - SCIENCES SOCIALES
100 _aBenali, Driss
700 _aBsais, Abdeljabar, [et al]
260 _bEd. de l'Agence Universitaire Francophone
245 _aDéveloppement et transition vers l'économie de marché : Ouvrage extrait
300 _a586p.
650 _aEconomie : développement
260 _c1998
300 _b25 cm
100 _lFr
440 _aUniversités Francophones. Actualité scientifique
037 _aDe 8948
110 _aRéseau Analyse Economique et Développement. Journées Scientifiques (3 ; 1996 ; Hanoï Vietnam)
020 _a2-920021-87-7
999 _c36814
_d36814